| 000 | 00515nam a2200193Ia 4500 | ||
|---|---|---|---|
| 003 | OSt | ||
| 005 | 20260226163917.0 | ||
| 008 | 210210b1964 xxu||||| |||| 00| 0 eng d | ||
| 040 | _cAL | ||
| 041 | _aHindi | ||
| 082 | _a861/68 | ||
| 100 |
_aGUPTA (Maithilisharan) _dमैथिलीशरण गुप्त _9256934 |
||
| 245 |
_aJhankar _b झंकार |
||
| 260 |
_aChirganv _bSahity Sadhan _c1964 |
||
| 650 |
_aJhankar _9256935 |
||
| 690 |
_aHindi Poetry _9256936 |
||
| 906 | _a023089 | ||
| 942 |
_2ddc _cBK |
||
| 999 |
_c147982 _d147982 |
||